| 000 | 00460nam a2200133Ia 4500 | ||
|---|---|---|---|
| 008 | 191206s9999 xx 000 0 und d | ||
| 020 | _a085924055X | ||
| 090 | _aPZ7M3688 | ||
| 245 | 0 | _a"Siempre un paso más: la vida de Nano Nagle, fundadora de las congregaciones religiosas de la Presentación de la Bienaventurada Virgen María" | |
| 260 | _aSisters of the Presentation | ||
| 260 | _ccc1990 | ||
| 300 | _a183 p. ; 22 cm. | ||
| 999 |
_c16901 _d16901 |
||